| 000 | 02287cam a2200421 i 4500 | ||
|---|---|---|---|
| 001 | 21313516 | ||
| 003 | NUST | ||
| 005 | 20220722092252.0 | ||
| 006 | m |o d | | ||
| 007 | cr ||||||||||| | ||
| 008 | 191003s2020 nju ob 001 0 eng | ||
| 010 | _a 2019044959 | ||
| 020 |
_a9781119382126 _q(epub) |
||
| 020 |
_a9781119382072 _q(adobe pdf) |
||
| 020 |
_z9781119382089 _q(hardback) |
||
| 040 |
_aDLC _beng _cDLC _erda _dDLC |
||
| 041 | 1 |
_aeng _hfre |
|
| 042 | _apcc | ||
| 050 | 0 | 0 | _aTK5104 |
| 082 | 0 | 0 |
_a621.3825, MAR _223 |
| 100 | 1 |
_aMaral, Gérard, _eauthor. _991567 |
|
| 240 | 1 | 0 |
_aSystèmes de télecommunications par satellites. _lEnglish |
| 245 | 1 | 0 |
_aSatellite communications systems : _bsystems, techniques and technology / _cGérard Maral, Ecole Nationale Supérieure des Télécommunications, Site de Toulouse, France, Michel Bousquet, Ecole Nationale Supérieure de l'Aéronautique et de l'Espace (SUPAERO), Toulouse, France, Zhili Sun, University of Surrey, UK. |
| 250 | _aSixth edition. | ||
| 264 | 1 |
_aHoboken, N.J. : _bJohn Wiley & Sons, _c2020. |
|
| 300 | _a1 online resource | ||
| 336 |
_atext _btxt _2rdacontent |
||
| 337 |
_acomputer _bc _2rdamedia |
||
| 338 |
_aonline resource _bcr _2rdacarrier |
||
| 505 | _a Introduction (Page-1), Orbits and Related Issues (Page-29), Baseband Digital Signals, Packet Networks, and Quality of Service (QOS) (Page-113), Digital Communications Techniques (Page-135), Uplink, Downlink, and Overall Link Performance; Intersatellite Links (Page-189), Multiple Access (Page-275), Satellite Networks (Page-325), Earth Stations (Page-401), The Communication Payload (Page-479), The Platform (Page-573),Satellite Installation and Launch Vehicles (Page-659), The Space Environment (Page-721), Reliability and Availability of Satellite Communications Systems (Page-737). | ||
| 650 | 0 | _aArtificial satellites in telecommunication. | |
| 700 | 1 |
_aBousquet, Michel, _eauthor. _994496 |
|
| 700 | 1 |
_aSun, Zhili, _eauthor. _994497 |
|
| 776 | 0 | 8 |
_iPrint version: _aMaral, Gérard. _tSatellite communications systems _bSixth edition. _dHoboken, N.J. : John Wiley & Sons, 2020. _z9781119382089 _w(DLC) 2019044958 |
| 906 |
_a7 _bcbc _corignew _d1 _eecip _f20 _gy-gencatlg |
||
| 942 |
_2ddc _cBK |
||
| 999 |
_c590506 _d590506 |
||